Baltimore's own Little Italy artist : (Record no. 26992)

000 -LEADER
fixed length control field 01422cam a22003617a 4500
001 - CONTROL NUMBER
control field 13319597
005 - DATE AND TIME OF LATEST TRANSACTION
control field 20170207101806.0
008 - FIXED-LENGTH DATA ELEMENTS--GENERAL INFORMATION
fixed length control field 030124s2003 cauab b 001 0 eng d
010 ## - LIBRARY OF CONGRESS CONTROL NUMBER
LC control number 2002093885
020 ## - INTERNATIONAL STANDARD BOOK NUMBER
International Standard Book Number 0972359001 (acid free)
035 ## - SYSTEM CONTROL NUMBER
System control number (OCoLC)ocm51514734
050 ## - LIBRARY OF CONGRESS CALL NUMBER
Classification number NC 139 .D474F74 2002
100 1# - MAIN ENTRY--PERSONAL NAME
Personal name French, Rita D.
Fuller form of name (Rita DeSales)
245 10 - TITLE STATEMENT
Title Baltimore's own Little Italy artist :
Remainder of title the artwork of Tony DeSales /
Statement of responsibility, etc. Rita D. French, Perrin L. French, Irvin F. Lin.
246 30 - VARYING FORM OF TITLE
Title proper/short title Artwork of Tony DeSales
250 ## - EDITION STATEMENT
Edition statement 1st ed.
260 ## - PUBLICATION, DISTRIBUTION, ETC. (IMPRINT)
Place of publication, distribution, etc. Palo Alto, Calif. :
Name of publisher, distributor, etc. Genovefa Press,
Date of publication, distribution, etc. c2003.
300 ## - PHYSICAL DESCRIPTION
Extent xiii, 225 p. :
Other physical details ill. (chiefly col.), 1 col. map ;
Dimensions 23 x 29 cm.
504 ## - BIBLIOGRAPHY, ETC. NOTE
Bibliography, etc Includes bibliographical references (p. 210-215) and index.
600 10 - SUBJECT ADDED ENTRY--PERSONAL NAME
Personal name DeSales, Tony,
Dates associated with a name 1941-2000
General subdivision Themes, motives.
650 #0 - SUBJECT ADDED ENTRY--TOPICAL TERM
Topical term or geographic name as entry element Outsider art
Geographic subdivision Maryland
-- Baltimore.
650 #0 - SUBJECT ADDED ENTRY--TOPICAL TERM
Topical term or geographic name as entry element Baltimore (Md.)
General subdivision In art.
651 #0 - SUBJECT ADDED ENTRY--GEOGRAPHIC NAME
Geographic name Little Italy (Baltimore, Md.)
General subdivision In art.
700 1# - ADDED ENTRY--PERSONAL NAME
Personal name French, Perrin L.
Fuller form of name (Perrin Lindol)
700 1# - ADDED ENTRY--PERSONAL NAME
Personal name Lin, Irvin F.
700 1# - ADDED ENTRY--PERSONAL NAME
Personal name DeSales, Tony,
Dates associated with a name 1941-2000.
942 ## - ADDED ENTRY ELEMENTS (KOHA)
Source of classification or shelving scheme
Koha item type Hard Covered Materials
Holdings
Withdrawn status Lost status Source of classification or shelving scheme Damaged status Not for loan Home library Current library Shelving location Date acquired Source of acquisition Total Checkouts Full call number Barcode Date last seen Price effective from Koha item type
          MACHAKOS UNIVERSITY LIBRARY MACHAKOS UNIVERSITY LIBRARY Technical section 07/02/2017 Donation(BFA)   NC 139 .D474F74 2002 34477 06/07/2018 07/02/2017 Hard Covered Materials
© Machakos University Library, Along The Highway, Machakos Wote Rd, Machakos, Kenya P.O. Box 136 - 90100 Machakos - Kenya

Tel: ( +254 ) 723 805829 OR Fax : 044-20353 OR Email: library@mksu.ac.ke